|
|
|
|
| LEADER |
00000naa2a2200000 4500 |
| 001 |
189737 |
| 005 |
20231220110545.0 |
| 035 |
|
|
|a (RuTPU)RU\TPU\book\206463
|
| 090 |
|
|
|a 189737
|
| 100 |
|
|
|a 20110110d2010 k y0rusy50 ca
|
| 101 |
0 |
|
|a rus
|
| 102 |
|
|
|a RU
|
| 200 |
1 |
|
|a К вопросу об образовании сварочных аэрозолей при сварке горношахтного оборудования и их влиянии на безопасность жизнедеятельности сварщиков
|f Л. П. Ерёмин, В. М. Гришагин, Л. Г. Деменкова
|
| 320 |
|
|
|a Библиогр.: 9 назв.
|
| 463 |
|
0 |
|0 (RuTPU)RU\TPU\book\199146
|y 978-5-98298-642-9
|t Инновационные технологии и экономика в машиностроении
|o сборник трудов Международной научно-практической конференции с элементами научной школы для молодых ученых, 20-21 мая 2010 г. г. Юрга
|f Национальный исследовательский Томский политехнический университет (ТПУ), Юргинский технологический институт (ЮТИ); под ред. Д. А. Чинахова
|v С. 415-418
|d 2010
|p 577 с.
|
| 610 |
1 |
|
|a сварочные аэрозоли
|
| 610 |
1 |
|
|a сварка
|
| 610 |
1 |
|
|a горношахтное оборудование
|
| 610 |
1 |
|
|a безопасность
|
| 610 |
1 |
|
|a сварщики
|
| 610 |
1 |
|
|a условия труда
|
| 610 |
1 |
|
|a труды учёных ТПУ
|
| 700 |
|
1 |
|a Ерёмин
|b Л. П.
|c профессор, доктор химических наук
|c Юргинский технологический институт (филиал) Томского политехнического университета
|f 1936-
|g Леонид Петрович
|3 (RuTPU)RU\TPU\pers\24226
|
| 701 |
|
1 |
|a Гришагин
|b В. М.
|c российский учёный в области экологии и безопасности жизнедеятельности
|c доцент Юргинского технологического института (филиал) Томского политехнического университета
|g Виктор Михайлович
|3 (RuTPU)RU\TPU\pers\24272
|
| 701 |
|
1 |
|a Деменкова
|b Л. Г.
|c специалист в области естествознания
|c старший преподаватель Юргинского технологического института (филиала) Томского политехнического университета
|f 1964-
|g Лариса Геннадьевна
|3 (RuTPU)RU\TPU\pers\24512
|9 10831
|
| 801 |
|
1 |
|a RU
|b 63413507
|c 20110110
|
| 942 |
|
|
|c BK
|